000 00526nam a2200181Ia 4500
008 131103s9999 xx 000 0 und d
020 _a8171980368
_cRs.200.00
040 _aLoreto College
041 _aEnglish
082 _a891.43/NAG
_bLCLIB/HinSemLib 743/48326
245 _aHindi Sahitya ka itihas
_cedited by Nagendra and Hardayal
260 _aNoida
_bMayur Paperbacks
_c2009
300 _a870p
_c 24 cm
650 _aHindi literature-History
700 _aNagendra,ed.
850 _aLCLIB/891.43/NAG
942 _cBK
999 _c36877
_d87356